[Event "Oberliga Baden 1415"]
[Site "Baden"]
[Date "2014.11.09"]
[Round "3.5"]
[White "Bellahcene, Bilel"]
[Black "Mathonia, Claude"]
[Result "1-0"]
[WhiteElo "2436"]
[BlackElo "2218"]
[PlyCount "67"]
[EventDate "2014.09.21"]
[EventType "team-tourn"]
[EventRounds "9"]
[EventCountry "GER"]
[SourceTitle "EXT 2016"]
[Source "ChessBase"]
[SourceDate "2015.10.08"]
[SourceVersion "1"]
[SourceVersionDate "2015.10.08"]
[SourceQuality "1"]
[WhiteTeam "Baden-Baden III"]
[BlackTeam "Freiburg Zaehringen"]
[WhiteTeamCountry "GER"]
[BlackTeamCountry "GER"]

1. d4 d5 2. Nf3 Nf6 3. c4 dxc4 4. e3 Bg4 5. Bxc4 e6 6. h3 Bh5 7. Nc3 a6 8. g4 Bg6 9. Ne5 Nbd7 10. Nxg6 hxg6 11. g5 Nd5 12. Nxd5 exd5 13. Bxd5 c6 14. Bc4 Qxg5 15. Qb3 0-0-0 16. Bd2 f6 17. 0-0-0 Qf5 18. f4 Rh6 19. Be6 Qb5 20. Qxb5 axb5 21. Rdg1 Bd6 22. e4 Rdh8 23. Kb1 Kd8 24. e5 Be7 25. Rg3 Nf8 26. Ba5+ Ke8 27. Bc8 Bd8 28. Bd2 b6 29. Rc1 f5 30. Rxc6 Rxh3 31. Rxh3 Rxh3 32. Ba6 Kf7 33. Bxb5 Kg8 34. Bb4 1-0

[Event "Verbandsliga Sued Baden 1213"]
[Site "Baden"]
[Date "2013.03.24"]
[Round "8.6"]
[White "Mathonia, Claude"]
[Black "Osthof, Alfred"]
[Result "1/2-1/2"]
[WhiteElo "2216"]
[BlackElo "2140"]
[PlyCount "28"]
[EventDate "2012.10.21"]
[EventType "team-tourn"]
[EventRounds "9"]
[EventCountry "GER"]
[SourceTitle "EXT 2014"]
[Source "ChessBase"]
[SourceDate "2013.11.20"]
[SourceVersion "1"]
[SourceVersionDate "2013.11.20"]
[SourceQuality "1"]
[WhiteTeam "Zaehringen"]
[BlackTeam "Offenburg"]
[WhiteTeamCountry "GER"]
[BlackTeamCountry "GER"]

1. d4 d5 2. Nf3 Nf6 3. e3 c6 4. c4 Bf5 5. cxd5 cxd5 6. Qb3 Qc7 7. Nc3 e6 8. Bd2 Nc6 9. Rc1 Be7 10. Bb5 0-0 11. 0-0 Rac8 12. a3 Qb8 13. Qa2 Ne4 14. Nxe4 Bxe4 1/2-1/2

[Event "Verbandsliga Sued Baden 1213"]
[Site "Baden"]
[Date "2013.03.03"]
[Round "7.5"]
[White "Mathonia, Claude"]
[Black "Menge, Matthias"]
[Result "1-0"]
[WhiteElo "2216"]
[BlackElo "2039"]
[PlyCount "51"]
[EventDate "2012.10.21"]
[EventType "team-tourn"]
[EventRounds "9"]
[EventCountry "GER"]
[SourceTitle "EXT 2014"]
[Source "ChessBase"]
[SourceDate "2013.11.20"]
[SourceVersion "1"]
[SourceVersionDate "2013.11.20"]
[SourceQuality "1"]
[WhiteTeam "Zaehringen"]
[BlackTeam "Iffezheim"]
[WhiteTeamCountry "GER"]
[BlackTeamCountry "GER"]

1. d4 d5 2. Nf3 Nf6 3. e3 e6 4. Bd3 c5 5. b3 Nc6 6. 0-0 Bd6 7. Bb2 0-0 8. Nbd2 cxd4 9. exd4 b6 10. Ne5 Bb7 11. f4 Ne7 12. Qf3 Bc7 13. Rae1 Nf5 14. Qh3 Nd6 15. Ba3 Nfe4 16. Ndf3 h6 17. Nh4 f5 18. Bxe4 dxe4 19. c4 Rf6 20. Bb2 g5 21. Nhg6 Kg7 22. fxg5 hxg5 23. Qh5 Qe8 24. d5 Bd8 25. Qxg5 Nf7 26. Nxf7 1-0

[Event "Verbandsliga Sued Baden 1213"]
[Site "Baden"]
[Date "2013.02.17"]
[Round "6.5"]
[White "Johne, Florian"]
[Black "Mathonia, Claude"]
[Result "1-0"]
[WhiteElo "1970"]
[BlackElo "2216"]
[PlyCount "47"]
[EventDate "2012.10.21"]
[EventType "team-tourn"]
[EventRounds "9"]
[EventCountry "GER"]
[SourceTitle "EXT 2014"]
[Source "ChessBase"]
[SourceDate "2013.11.20"]
[SourceVersion "1"]
[SourceVersionDate "2013.11.20"]
[SourceQuality "1"]
[WhiteTeam "Konstanz"]
[BlackTeam "Zaehringen"]
[WhiteTeamCountry "GER"]
[BlackTeamCountry "GER"]

1. d4 d5 2. c4 dxc4 3. Nf3 Nf6 4. e3 Bg4 5. Bxc4 e6 6. Nc3 a6 7. h3 Bh5 8. g4 Bg6 9. Ne5 Nbd7 10. Nxg6 hxg6 11. Bf1 e5 12. Bg2 exd4 13. exd4 Rb8 14. Bf4 Bd6 15. Bxd6 cxd6 16. 0-0 0-0 17. Qb3 b5 18. Rfe1 Nb6 19. Re2 Re8 20. Rae1 Qd7 21. Nd5 Nfxd5 22. Bxd5 Rxe2 23. Rxe2 Re8 24. Bxf7+ 1-0

[Event "Verbandsliga Sued Baden 1112"]
[Site "Germany"]
[Date "2012.04.29"]
[Round "9.4"]
[White "Ruefenacht, Matthias"]
[Black "Mathonia, Claude"]
[Result "1/2-1/2"]
[WhiteElo "2370"]
[BlackElo "2216"]
[PlyCount "22"]
[EventDate "2011.10.09"]
[EventType "team-tourn"]
[EventRounds "9"]
[EventCountry "GER"]
[SourceTitle "EXT 2013"]
[Source "ChessBase"]
[SourceDate "2012.11.22"]
[SourceVersion "1"]
[SourceVersionDate "2012.11.22"]
[SourceQuality "1"]
[WhiteTeam "Brombach"]
[BlackTeam "Zaehringen"]
[WhiteTeamCountry "GER"]
[BlackTeamCountry "GER"]

1. e4 d5 2. exd5 Qxd5 3. Nc3 Qa5 4. d4 Nf6 5. Nf3 Bf5 6. Ne5 e6 7. Nc4 Qa6 8. Bf4 Qc6 9. Ne3 Bb4 10. Nxf5 Qe4+ 11. Ne3 Qxf4 1/2-1/2

[Event "Verbandsliga Sued Baden 1112"]
[Site "Germany"]
[Date "2011.12.11"]
[Round "4.4"]
[White "Mathonia, Claude"]
[Black "Rauch, Uwe"]
[Result "1-0"]
[WhiteElo "2216"]
[BlackElo "2173"]
[PlyCount "71"]
[EventDate "2011.10.09"]
[EventType "team-tourn"]
[EventRounds "9"]
[EventCountry "GER"]
[SourceTitle "EXT 2013"]
[Source "ChessBase"]
[SourceDate "2012.11.22"]
[SourceVersion "1"]
[SourceVersionDate "2012.11.22"]
[SourceQuality "1"]
[WhiteTeam "Zaehringen"]
[BlackTeam "Offenburg"]
[WhiteTeamCountry "GER"]
[BlackTeamCountry "GER"]

1. d4 Nf6 2. c4 g6 3. Nc3 d5 4. Nf3 Bg7 5. e3 0-0 6. Qb3 e6 7. Bd2 a6 8. Rc1 dxc4 9. Bxc4 b5 10. Be2 Nbd7 11. a4 c6 12. 0-0 Bb7 13. Rfd1 Qb6 14. Be1 Rac8 15. Qa2 Rfe8 16. a5 Qa7 17. b4 e5 18. Ng5 Re7 19. dxe5 Nxe5 20. Nce4 Nd5 21. Nc5 Rf8 22. Nf3 Bc8 23. Nxe5 Bxe5 24. Bf3 Qc7 25. Bxd5 cxd5 26. Ne6 Bxh2+ 27. Kh1 Qe5 28. Nxf8 Bb7 29. Qe2 d4 30. Qg4 Kxf8 31. Qh3 dxe3 32. Qxh2 exf2 33. Bxf2 Bxg2+ 34. Qxg2 Qh5+ 35. Kg1 Re2 36. Rd5 1-0

[Event "Verbandsliga Sued Baden 1011"]
[Site "Baden"]
[Date "2011.03.13"]
[Round "7.4"]
[White "Feiler, Juergen"]
[Black "Mathonia, Claude"]
[Result "1/2-1/2"]
[WhiteElo "2163"]
[BlackElo "2216"]
[PlyCount "32"]
[EventDate "2010.10.17"]
[EventType "team-tourn"]
[EventRounds "9"]
[EventCountry "GER"]
[SourceTitle "EXT 2012"]
[Source "ChessBase"]
[SourceDate "2011.11.24"]
[SourceVersion "1"]
[SourceVersionDate "2011.11.24"]
[SourceQuality "1"]
[WhiteTeam "Baden-Baden IV"]
[BlackTeam "Zaehringen"]
[WhiteTeamCountry "GER"]
[BlackTeamCountry "GER"]

1. d4 d5 2. c4 dxc4 3. e3 e5 4. Bxc4 exd4 5. exd4 Nf6 6. Nc3 Be7 7. Nf3 0-0 8. h3 a6 9. a4 Nc6 10. 0-0 Qd6 11. Bg5 Bf5 12. Rc1 Ne4 13. Bxe7 Nxe7 14. d5 Nxc3 15. Rxc3 Rad8 16. Qb3 Bc8 1/2-1/2

[Event "Oberliga Baden 0809"]
[Site "Germany"]
[Date "2008.10.05"]
[Round "1.7"]
[White "Mathonia, Claude"]
[Black "Vidonyak, Nellya"]
[Result "0-1"]
[WhiteElo "2211"]
[BlackElo "2176"]
[PlyCount "68"]
[EventDate "2008.10.05"]
[EventType "team-tourn"]
[EventRounds "9"]
[EventCountry "GER"]
[SourceTitle "EXT 2010"]
[Source "ChessBase"]
[SourceDate "2010.11.25"]
[SourceVersion "1"]
[SourceVersionDate "2010.11.25"]
[SourceQuality "1"]
[WhiteTeam "Zaehringen"]
[BlackTeam "Hockenheim"]
[WhiteTeamCountry "GER"]
[BlackTeamCountry "GER"]

1. d4 d6 2. c4 Nd7 3. Nc3 e5 4. e3 g6 5. h4 Ngf6 6. Be2 h6 7. h5 g5 8. Bd3 Bg7 9. Nge2 exd4 10. Nxd4 Ne5 11. Bf5 0-0 12. Bxc8 Qxc8 13. Qe2 c5 14. Ndb5 a6 15. Na3 Re8 16. Bd2 Qc6 17. f3 d5 18. cxd5 Nxd5 19. 0-0 b5 20. Nd1 c4 21. Nf2 Qb6 22. Nc2 Nc6 23. Rab1 Nf4 24. Qd1 Nxh5 25. Bc3 Rad8 26. Qc1 Ng3 27. Re1 Ne5 28. Nd4 Nd3 29. Nxd3 cxd3 30. Qd2 b4 31. Bxb4 Bxd4 32. exd4 Qxd4+ 33. Kh2 Qh4+ 34. Kg1 Re2 0-1

[Event "Verbandsliga Sued Baden 0506"]
[Site "Germany"]
[Date "2005.11.13"]
[Round "2.5"]
[White "Mathonia, Claude"]
[Black "Dobschat, Benjamin"]
[Result "0-1"]
[WhiteElo "2206"]
[BlackElo "2006"]
[PlyCount "36"]
[EventDate "2005.10.16"]
[EventType "team-tourn"]
[EventRounds "9"]
[EventCountry "GER"]
[SourceTitle "EXT 2007"]
[Source "ChessBase"]
[SourceDate "2006.11.23"]
[SourceVersion "1"]
[SourceVersionDate "2006.11.23"]
[SourceQuality "1"]
[WhiteTeam "Zaehringen"]
[BlackTeam "Kehl"]
[WhiteTeamCountry "GER"]
[BlackTeamCountry "GER"]

1. d4 d5 2. Nf3 Nf6 3. e3 e6 4. Bd3 c5 5. b3 Nc6 6. 0-0 Bd6 7. Bb2 0-0 8. Nbd2 Qc7 9. c4 cxd4 10. exd4 e5 11. cxd5 Nxd4 12. Rc1 Qd8 13. Nxd4 exd4 14. Bxd4 Nxd5 15. Nf3 Nf4 16. Be4 Re8 17. Qc2 Bg4 18. g3 Rc8 0-1

[Event "GER-FRA mT"]
[Site "Elsass"]
[Date "2004.??.??"]
[Round "?"]
[White "Moingt, Anne"]
[Black "Mathonia, Claude"]
[Result "1/2-1/2"]
[WhiteElo "2175"]
[BlackElo "2215"]
[PlyCount "54"]
[EventDate "2004.07.??"]
[EventType "match"]
[EventRounds "1"]
[EventCountry "GER"]
[SourceTitle "EXT 2007"]
[Source "ChessBase"]
[SourceDate "2006.11.23"]
[SourceVersion "1"]
[SourceVersionDate "2006.11.23"]
[SourceQuality "1"]

1. e4 d5 2. exd5 Qxd5 3. Nc3 Qa5 4. d4 c6 5. Nf3 Nf6 6. Bd3 Bf5 7. Ne5 Bxd3 8. Qxd3 e6 9. 0-0 Nbd7 10. Nc4 Qc7 11. Qf3 Nd5 12. Re1 Nxc3 13. bxc3 Bd6 14. Nxd6+ Qxd6 15. Bf4 Qd5 16. Qd3 0-0 17. c4 Qa5 18. Rab1 b6 19. Re3 Rfe8 20. Bd6 Qxa2 21. c3 c5 22. Rbe1 cxd4 23. Qxd4 Rac8 24. Rg3 g6 25. Bf4 Qxc4 26. Qxd7 Qxf4 27. Qxa7 Qc7 1/2-1/2

[Event "Baden VLS 0203"]
[Site "Baden"]
[Date "2002.10.13"]
[Round "1.1"]
[White "Dittmar, Peter"]
[Black "Mathonia, Claude"]
[Result "1/2-1/2"]
[WhiteElo "2349"]
[BlackElo "2216"]
[PlyCount "161"]
[EventDate "2002.10.13"]
[EventType "team-tourn"]
[EventRounds "9"]
[EventCountry "GER"]
[SourceTitle "EXT 2022"]
[Source "ChessBase"]
[SourceDate "2021.10.06"]
[SourceVersion "1"]
[SourceVersionDate "2021.10.06"]
[SourceQuality "1"]
[WhiteTeam "Lahr"]
[BlackTeam "Zaehringen"]
[WhiteTeamCountry "GER"]
[BlackTeamCountry "GER"]

1. c4 e5 2. g3 Nf6 3. Bg2 Nc6 4. Nc3 Bb4 5. Nd5 Nxd5 6. cxd5 Ne7 7. a3 Bc5 8. e3 d6 9. Ne2 Bg4 10. h3 Bxe2 11. Qxe2 0-0 12. 0-0 Ng6 13. b4 Bb6 14. Bb2 f5 15. f4 Qe7 16. Rae1 Rae8 17. Kh1 Rf7 18. Bf3 Nf8 19. fxe5 dxe5 20. Qg2 Qd6 21. Bh5 g6 22. Bd1 Nd7 23. g4 fxg4 24. Rxf7 Kxf7 25. Bxg4 Nf6 26. Be6+ Rxe6 27. dxe6+ Qxe6 28. Rf1 Ke7 29. Qg3 Nd7 30. Qh4+ Nf6 31. Qg3 Nd7 32. Kg1 c6 33. Bc3 Bc7 34. e4 Bb6+ 35. Kg2 Bc7 36. Qg5+ Ke8 37. Qh4 h5 38. Qg5 Bd6 39. Qh6 Qg8 40. Qe3 Qc4 41. Rf3 b6 42. Qd3 Qxd3 43. Rxd3 Ke7 44. Rg3 Nf8 45. Kf3 Kf7 46. Ke3 Ne6 47. Rf3+ Ke7 48. d4 exd4+ 49. Bxd4 Nxd4 50. Kxd4 Ke6 51. Kd3 a6 52. Rf1 c5 53. bxc5 Bxc5 54. a4 b5 55. Rc1 Kd6 56. axb5 axb5 57. Rb1 b4 58. Kc4 g5 59. e5+ Kc6 60. Rf1 Be7 61. Rf7 Kd7 62. Rh7 Ke6 63. Rxh5 Kxe5 64. h4 Kf4 65. hxg5 Bxg5 66. Kxb4 Kg4 67. Rh1 Kf3 68. Kc4 Ke4 69. Re1+ Be3 70. Re2 Kf3 71. Kd3 Bb6 72. Re6 Bc5 73. Rf6+ Kg2 74. Ke2 Bd4 75. Rg6+ Kh1 76. Kf1 Be5 77. Kf2 Bd4+ 78. Kf3 Be5 79. Re6 Bh2 80. Re1+ Bg1 81. Kg3 1/2-1/2

[Event "BL2-Sued 9900"]
[Site "Germany"]
[Date "1999.11.07"]
[Round "2.7"]
[White "Doerflinger, Josef"]
[Black "Mathonia, Claude"]
[Result "1-0"]
[WhiteElo "2210"]
[BlackElo "2210"]
[PlyCount "159"]
[EventDate "1999.10.10"]
[EventType "team-tourn"]
[EventRounds "9"]
[EventCountry "GER"]
[SourceTitle "CBM 074 Extra"]
[Source "ChessBase"]
[SourceDate "2000.03.10"]
[SourceVersion "2"]
[SourceVersionDate "2000.03.10"]
[SourceQuality "1"]
[WhiteTeam "Ulm"]
[BlackTeam "Freiburg Zaehringen"]
[WhiteTeamCountry "GER"]
[BlackTeamCountry "GER"]

1. e4 d5 2. exd5 Qxd5 3. Nc3 Qa5 4. Nf3 Nf6 5. d4 c6 6. Ne5 Bf5 7. Bf4 Nbd7 8. Nc4 Qd8 9. Bd3 Bxd3 10. Qxd3 Nb6 11. 0-0 Nxc4 12. Qxc4 e6 13. Rad1 Nd5 14. Be5 Nxc3 15. Qxc3 Qd5 16. b3 f6 17. Bg3 Rd8 18. Qd3 Kf7 19. Rfe1 g6 20. c4 Qd7 21. Qf3 Bg7 22. Re4 Rhe8 23. Be5 Ke7 24. d5 Kf7 25. Bxf6 Bxf6 26. dxe6+ Qxe6 27. Rxe6 Rxe6 28. g4 Rxd1+ 29. Qxd1 Ke7 30. Qd2 Kf7 31. Kg2 Re7 32. Qf4 Kg7 33. Qd2 Kf7 34. a4 a6 35. b4 Ke8 36. b5 cxb5 37. cxb5 axb5 38. axb5 Kf7 39. Qd5+ Kg7 40. Qf3 g5 41. Qf5 h6 42. Qd5 Be5 43. h3 Kf8 44. Qc5 Kf7 45. h4 gxh4 46. f4 Bf6 47. Qh5+ Kg7 48. g5 hxg5 49. fxg5 Be5 50. Qh6+ Kg8 51. Qxh4 Kf7 52. Qh7+ Ke6 53. Qe4 Kd6 54. Qb4+ Kd7 55. Kf3 Ke6 56. Kg4 Rc7 57. Qb3+ Kd6 58. Kf5 Bc3 59. g6 Rc5+ 60. Ke4 Kc7 61. Qf7+ Kb6 62. g7 Bxg7 63. Qxg7 Rxb5 64. Qf6+ Ka7 65. Kd3 Ra5 66. Qd4+ b6 67. Qd7+ Kb8 68. Qc6 Ka7 69. Qc7+ Ka6 70. Qb8 Rd5+ 71. Kc4 Rc5+ 72. Kd4 Ra5 73. Qa8+ Kb5 74. Qb7 Ra4+ 75. Kd5 Ra5 76. Kd6 Ra4 77. Qc6+ Ka5 78. Kc7 b5 79. Qc3+ Rb4 80. Qd2 1-0

[Event "Verbandsliga Sued Baden 9899"]
[Site "Germany"]
[Date "1999.04.18"]
[Round "9.1"]
[White "Mathonia, Claude"]
[Black "Wirth, Gotthard"]
[Result "1/2-1/2"]
[WhiteElo "2210"]
[BlackElo "2265"]
[PlyCount "24"]
[EventDate "1998.10.??"]
[EventType "team-tourn"]
[EventRounds "9"]
[EventCountry "GER"]
[SourceTitle "EXT 2004"]
[Source "ChessBase"]
[SourceDate "2003.11.25"]
[SourceVersion "1"]
[SourceVersionDate "2003.11.25"]
[SourceQuality "1"]
[WhiteTeam "Zaehringen II"]
[BlackTeam "Offenburg"]
[WhiteTeamCountry "GER"]
[BlackTeamCountry "GER"]

1. d4 e6 2. Nf3 Nf6 3. Bg5 d5 4. Nbd2 Nbd7 5. e3 c5 6. c3 Bd6 7. Bd3 h6 8. Bh4 Qb6 9. Rb1 0-0 10. 0-0 Re8 11. b4 cxb4 12. cxb4 a5 1/2-1/2

[Event "Verbandsliga Sued Baden 9899"]
[Site "Germany"]
[Date "1999.02.07"]
[Round "7.1"]
[White "Goldstern, Filip Daniel"]
[Black "Mathonia, Claude"]
[Result "1-0"]
[WhiteElo "2355"]
[BlackElo "2210"]
[PlyCount "107"]
[EventDate "1998.10.??"]
[EventType "team-tourn"]
[EventRounds "9"]
[EventCountry "GER"]
[SourceTitle "EXT 2004"]
[Source "ChessBase"]
[SourceDate "2003.11.25"]
[SourceVersion "1"]
[SourceVersionDate "2003.11.25"]
[SourceQuality "1"]
[WhiteTeam "Gottmadingen"]
[BlackTeam "Zaehringen II"]
[WhiteTeamCountry "GER"]
[BlackTeamCountry "GER"]

1. Nf3 f5 2. d4 Nf6 3. g3 g6 4. Bg2 Bg7 5. 0-0 d6 6. c4 0-0 7. Nc3 Nc6 8. d5 Ne5 9. Nxe5 dxe5 10. Qb3 e6 11. Rd1 exd5 12. cxd5 Kh8 13. Be3 Ne8 14. Rac1 Nd6 15. Nb5 Rf7 16. Bc5 a6 17. Nxd6 cxd6 18. Bb6 Qe8 19. Rc4 Bd7 20. a4 e4 21. Qc2 Be5 22. Rc1 Qf8 23. b3 h5 24. Rc7 h4 25. Qd2 hxg3 26. hxg3 Qg7 27. Rxb7 g5 28. Rcc7 f4 29. Bxe4 fxg3 30. fxg3 Raf8 31. Rxd7 Rxd7 32. Rxd7 Qxd7 33. Qxg5 Qh3 34. Qh4+ Qxh4 35. gxh4 Rb8 36. a5 Rc8 37. Bd3 Rc1+ 38. Kg2 Rc3 39. Bxa6 Rg3+ 40. Kf2 Rxb3 41. Bd3 Ra3 42. a6 Bc3 43. h5 Kg7 44. Be3 Kf6 45. Bf4 Be5 46. Bxe5+ Kxe5 47. h6 Kf6 48. Ke1 Ra5 49. Kd2 Rxd5 50. Kc3 Rc5+ 51. Kb4 Ke5 52. a7 Rc8 53. Kb5 d5 54. Kb6 1-0